000 00920nam a2200301Ia 4500
001 12371
003 IT-RoPAU
008 130308s9999 xx 000 0 und d
040 _aIT-RoPAU
040 _cIT-RoPAU
041 _aITALIANO
100 _aAmbrosi Olga
100 _gCodice Aut. SPICS: 9934
245 _aPrima maestra (La)
245 _bPrima maestra (La)
250 _a2a ed.
260 _aROMA
260 _bEdizioni Paoline Fsp
260 _c1965 [1° Ed.:1965 - Ed.Ling.Originale:1965]
300 _a"232 p. (prefazione: no ; testo: 232)"
500 _aBiografia di Suor Tecla Merlo Prima maestra virtù Nascoste fede Fortezza Dolcezza Carità e Preghiera Anima Apostolica Offerta Eroica di Se' Cronologia della Sua Vita Testimonianze
650 _aAUTORI/OPERE FAMIGLIA PAOLINA
650 _eCodice materia Spics: 9903
942 _cBK
957 _71
999 _c76295
_d76295
999 _bSI
999 _g1